000 00875nam a2200253Ia 4500
003 OSt
005 20220923211152.0
006 a|||||r|||| 00| 0
007 ta
008 Pun
020 _a81876542126 (hbk)
_c350
024 _a271,206
037 _b663, 03/06/2013, H.K. Prakashan
_cTextual
040 _aARTS
_cARTS
_bPun
041 _2Pun
_aPun
082 _aO153:g, Q3
100 _aਰਵਿੰਦਰ ਸਿੰਘ, ਥਦ.
_9159072
245 0 _aਪਰਵਾਸੀ ਪੰਜਾਬੀ ਸਾਹਿਤ ਦੇ ਸੰਦਰਭ ਅਤੇ ਸਰੋਕਾਰ
260 _aਦਿੱਲੀ
_b ਮਨਪ੍ਰੀਤ ਪ੍ਰਕਾFਨ
_c2013
300 _a96ਪੰ
_ccm.
650 _aਪੰਜਾਬੀ ਸਾਹਿਤ
942 _hO153:g, Q3
_cTEXL
_2CC
999 _c296280
_d296280